000 00396nam a2200169Ia 4500
008 170918s9999 xx 000 0 und d
020 _a553213393
050 _bA411 1980
100 _aAlighieri, Dante
245 4 _aThe divine comedy :
245 _binferno /
245 _cby Dante Alighieri.
260 _aUSA :
260 _bBantam Classic,
260 _c1980
300 _a395 pages :
999 _c344044
_d344044